Petroleum reservoir rock and fluid properties / (Record no. 259)

000 -LEADER
fixed length control field 00587nam a22002054a 4500
001 - CONTROL NUMBER
control field 259
003 - CONTROL NUMBER IDENTIFIER
control field BD-DhUET
008 - FIXED-LENGTH DATA ELEMENTS--GENERAL INFORMATION
fixed length control field 051202s2006 flua b 001 0 eng
020 ## - INTERNATIONAL STANDARD BOOK NUMBER
International Standard Book Number 0849330432
040 ## - CATALOGING SOURCE
Original cataloging agency DLC
Transcribing agency DLC
Modifying agency BD-DhUET
082 00 - DEWEY DECIMAL CLASSIFICATION NUMBER
Classification number 553.282
Item number DAN/2006
100 1# - MAIN ENTRY--PERSONAL NAME
Personal name Dandekar, Abhijit Y.
245 10 - TITLE STATEMENT
Title Petroleum reservoir rock and fluid properties /
Statement of responsibility, etc. by Abhijit Y. Dandekar.
250 ## - EDITION STATEMENT
Edition statement Ist ed.
260 ## - PUBLICATION, DISTRIBUTION, ETC. (IMPRINT)
Place of publication, distribution, etc. Boca Raton, FL :
Name of publisher, distributor, etc. CRC/Taylor & Francis,
Date of publication, distribution, etc. 2006.
300 ## - PHYSICAL DESCRIPTION
Extent 460 p. :
Other physical details ill. ;
Dimensions 25 cm.
504 ## - BIBLIOGRAPHY, ETC. NOTE
Bibliography, etc Includes bibliographies.
650 #0 - SUBJECT ADDED ENTRY--TOPICAL TERM
Topical term or geographic name as entry element Petroleum reserves
942 ## - ADDED ENTRY ELEMENTS (KOHA)
Koha item type General Book
Holdings
Koha item type Koha issues (times borrowed) Location (home branch) Koha date last borrowed Withdrawn status Koha full call number Damaged status Shelving location Not for loan Source of classification or shelving scheme Koha date last seen Lost status Sublocation or collection (holding branch) Price effective from Piece designation (barcode) Koha normalized classification for sorting Date acquired Copy number
General Book Central Library, BUET  553.282/DAN/2006 Circulation section  2014-07-19 Central Library, BUET2014-07-19108142553_000000000000000_282DAN20062014-07-191
General Book1Central Library, BUET2018-02-04 553.282/DAN/2006 Circulation section  2019-02-02 Central Library, BUET2015-10-10108143553_282000000000000_DAN_20062015-10-102